UBT Library

The government and politics of the European Union / (Record no. 333)

000 -LEADER
fixed length control field 00875cam a22002774a 4500
005 - DATE AND TIME OF LATEST TRANSACTION
control field 20131115085323.0
008 - FIXED-LENGTH DATA ELEMENTS--GENERAL INFORMATION
fixed length control field 020910s2003 ncu b 001 0 eng
020 ## - INTERNATIONAL STANDARD BOOK NUMBER
International Standard Book Number 0822329786
020 ## - INTERNATIONAL STANDARD BOOK NUMBER
International Standard Book Number 082232993X
041 0# - LANGUAGE CODE
Language code of text/sound track or separate title eng
080 ## - UNIVERSAL DECIMAL CLASSIFICATION NUMBER
Universal Decimal Classification number 341
Common auxiliary subdivision (4)
100 1# - Rafti
Rafti Nugent, Neill.
245 14 - TITLE STATEMENT
Title The government and politics of the European Union /
Statement of responsibility, etc Neill Nugent.
250 ## -
-- 5th ed.
260 ## -
-- Durham :
-- Duke University Press,
-- 2003.
300 ## -
-- 555 f. ;
-- 24 cm.
500 ## -
-- Preface : f. XVIII-XIX
504 ## - BIBLIOGRAPHY, ETC. NOTE
Bibliography, etc Includes bibliographical references (p. 534-546) and index.
610 20 -
-- Unioni Europian
610 20 -
-- Komisioni i komunitetit Europian
610 20 -
-- Këshilli i komuniteteve Europiane
610 20 -
-- Parlamenti europian
610 20 -
-- Gjykata e Drejtësisë e Komuniteteve Evropiane.
650 #0 -
-- E drejta ndërkombëtare
942 ## - ADDED ENTRY ELEMENTS (KOHA)
Source of classification or shelving scheme
Item type Books
Holdings
Withdrawn status Lost status Source of classification or shelving scheme Damaged status Not for loan Collection code Permanent location Current location Shelving location Date acquired Total Checkouts Full call number Barcode Date last seen Koha item type
          Koleksioni i përgjithshem UBT - Prishtine UBT - Prishtine Koleksioni i përgjithshem 11/15/2013   341(4) NUG 001-000435 11/15/2013 Books
UBT Library © 2015-2024. All rights reserved University Education for Business and Technology